Diez máskaras y un kapitán, Chile 1998: en homenaje a los veinticinco años de la muerte del poeta, cinco artistas visuales en diálogo con Pablo Neruda

Збережено в:
Бібліографічні деталі
Формат: Книга
Мова:Іспанська
Опубліковано: Santiago Codeju 1998
Предмети:
Теги: Додати тег
Немає тегів, Будьте першим, хто поставить тег для цього запису!

MARC

LEADER 00000nam a2200000 a 4500
001 UCM2465
003 CL-VaPUC
008 020510e19980000CL |||||||||||||||||spa|d
082 0 4 |a Ch861  |b DIE  |2 21 
245 1 0 |a Diez máskaras y un kapitán, Chile 1998: en homenaje a los veinticinco años de la muerte del poeta, cinco artistas visuales en diálogo con Pablo Neruda 
300 |a pág. irreg 
942 |c BK 
945 |d 20020510 00:00:00  |a cmena 
260 |a Santiago  |b Codeju  |c 1998 
650 0 |a Poesías chilenas   |9 265280 
650 0 |a Literatura chilena   |9 308278 
583 |a last modification  |c 20020510 00:00:00  |k Rodrigo Vera 
999 |c 300306  |d 300304 
952 |0 0  |1 0  |4 0  |6 CH_861_000000000000000_DIE_1998  |7 0  |8 A  |9 357912  |a BIBEDU  |b BIBEDU  |d 2019-11-21  |i 3587797  |o Ch861 DIE 1998  |p 3587797  |r 2019-11-21  |w 2019-11-21  |y BK  |k LIT